Μαθαίνω την ελληνική γραμματική στην 3η τάξη (Δημοτικό) : το βιβλίο του μαθητή

Αποθηκεύτηκε σε:
Λεπτομέρειες βιβλιογραφικής εγγραφής
Κύριος συγγραφέας: Γέρου, Θεόφραστος, 1916-1996
Μορφή: Βιβλίο
Γλώσσα:Greek
Δημοσίευση: Αθήνα : Εκδόσεις Παιδικών και Βοηθητικών Βιβλίων, [1978]
Σειρά:Η Βιβλιοθήκη του Εννιάχρονου Σχολείου
Θέματα:
Ετικέτες: Προσθήκη ετικέτας
Δεν υπάρχουν, Καταχωρήστε ετικέτα πρώτοι!

MARC

LEADER 00000nam a2200000 i 4500
001 1/72667
008 961119q19781979 gre d
035 |a 1996  |b 3  |c Δωρεά  |l 10031305 
040 |a GR-MY-UA  |b gre  |e aacr 
041 0 |a gre 
082 0 |a 489.35071 
100 1 |a Γέρου, Θεόφραστος,   |d 1916-1996. 
245 1 0 |a Μαθαίνω την ελληνική γραμματική στην 3η τάξη (Δημοτικό) :  |b το βιβλίο του μαθητή /  |c Θεόφραστου Γέρου 
260 |a Αθήνα :   |b Εκδόσεις Παιδικών και Βοηθητικών Βιβλίων,   |c [1978] 
300 |a 112 σ. 
490 1 |a Η Βιβλιοθήκη του Εννιάχρονου Σχολείου 
650 0 0 |a Greek language  |x Grammar  |x Study and teaching. 
852 |a INST  |b RHODES  |e 19961119  |h 489.35071 ΓΕΡ  |p 005400006974  |q 005400006974  |t BK  |y 0 
909 |a Ρ  |b 042972  |c 1996 
922 |a 4ΔΩΡ  |b 199611 
970 |z 2000/08/ΔΕΜΕΝΑΓΑΣ ΠΕΤΡΟΣ